| 000 | 00471nam a2200181Ia 4500 | ||
|---|---|---|---|
| 005 | 20250508162616.0 | ||
| 008 | 008 250505s9999 xx 000 0 eng d | ||
| 037 | _aTextual | ||
| 040 |
_aFEDL _beng _cFEDL |
||
| 041 |
_aeng _2eng |
||
| 084 |
_a641, MOH _qFEDL |
||
| 100 | _aMohanty Bidyut | ||
| 245 | 0 | _aChild health and nutrition : An Indian perspective | |
| 260 | _c1985 | ||
| 300 | _a164p. | ||
| 942 |
_cTEXL _h641, MOH |
||
| 999 |
_c1377616 _d1377616 |
||